X-Men legacy. Lost legions / writer, Mike Carey ; ... Read More
Available copies
- 2 of 2 copies available at LARL/NWRL Consortium.
- 2 of 2 copies available at Lake Agassiz Regional Library. (Show)
Current holds
0 current holds with 2 total copies.
Show Only Available Copies
| Location | Call Number / Copy Notes | Barcode | Shelving Location | Status | Due Date |
|---|---|---|---|---|---|
| Crookston Public Library | Y G CAR (Text) | 33500010759330 | Main | Available | - |
| Moorhead Public Library | Y G CAR (Text) | 33500010759322 | Main | Available | - |
Record details
- ISBN: 9780785152910 (hbk.)
- ISBN: 0785152911 (hbk.)
- ISBN: 9780785152927 (pbk.)
- ISBN: 078515292X (pbk.)
- Physical Description: 1 v. (unpaged) : chiefly col. ill. ; 27 cm.
- Publisher: New York : Marvel Worldwide, Inc., c2011.
Content descriptions
| General Note: | "Contains material originally published in single magazine form as X-Men legacy #250-253"--Tp ... Read More |
Search for related items by subject
| Subject: | X-Men (Fictitious characters) > Comic books, strips, etc. Superheroes > Comic books, strips, etc. Science fiction comic books, strips, etc. Graphic novels. |
Search for related items by series
| LDR | 01748cam a2200421Ia 4500 | ||
|---|---|---|---|
| 001 | 141099 | ||
| 003 | LARL_NWRL_CONSORTIUM | ||
| 005 | 20120425110702.0 | ||
| 008 | 110406s2011 nyua 6 000 1 eng d | ||
| 020 | . | ‡a9780785152910 (hbk.) | |
| 020 | . | ‡a0785152911 (hbk.) | |
| 020 | . | ‡a9780785152927 (pbk.) | |
| 020 | . | ‡a078515292X (pbk.) | |
| 035 | . | ‡a(OCoLC)712113974 | |
| 040 | . | ‡aBTCTA ‡beng ‡cBTCTA ‡dHBP ‡dSINLB ‡dBDX ‡dOJ4 | |
| 082 | 0 | 4. | ‡a741.5/973 ‡222 |
| 100 | 1 | . | ‡aCarey, Mike, ‡d1959- ‡0(LARL_NWRL_CONSORTIUM)152158 |
| 245 | 1 | 0. | ‡aX-Men legacy. ‡pLost legions / ‡cwriter, Mike Carey ; pencilers, Khoi Pham, Steve Kurth ; inkers, Tom Palmer, [et al.] ; colorist, Marte Gracia, Brian Reber ; letterer, Virtual Calligraphy's Cory Petit, Clayton Cowles. |
| 246 | 3 | 0. | ‡aLost legions |
| 260 | . | ‡aNew York : ‡bMarvel Worldwide, Inc., ‡cc2011. | |
| 300 | . | ‡a1 v. (unpaged) : ‡bchiefly col. ill. ; ‡c27 cm. | |
| 490 | 0 | . | ‡aX-Men legacy |
| 500 | . | ‡a"Contains material originally published in single magazine form as X-Men legacy #250-253"--Tp verso. | |
| 650 | 0. | ‡aX-Men (Fictitious characters) ‡vComic books, strips, etc. | |
| 650 | 0. | ‡aSuperheroes ‡vComic books, strips, etc. | |
| 650 | 0. | ‡aScience fiction comic books, strips, etc. ‡0(LARL_NWRL_CONSORTIUM)30401 | |
| 650 | 0. | ‡aGraphic novels. ‡0(LARL_NWRL_CONSORTIUM)40036 | |
| 700 | 1 | . | ‡aPham, Khoi. |
| 700 | 1 | . | ‡aKurth, Steve. ‡0(LARL_NWRL_CONSORTIUM)187932 |
| 700 | 1 | . | ‡aPalmer, Tom, ‡d1942- ‡0(LARL_NWRL_CONSORTIUM)216931 |
| 700 | 1 | . | ‡aGracia, Marte |
| 700 | 1 | . | ‡aReber, Brian. ‡0(LARL_NWRL_CONSORTIUM)216037 |
| 948 | . | ‡hNO HOLDINGS IN LAL - 66 OTHER HOLDINGS | |
| 994 | . | ‡aZ0 ‡bLAL | |
| 901 | . | ‡a141099 ‡bOCLC ‡c141099 ‡tbiblio | |

Add to basket
Permalink
Disable Highlighting